000 00301nam a22001337a 4500
008 181024b xxu||||| |||| 00| 0 eng d
020 _a1556640765
041 _aeng
080 _a610
100 _a3
101 _ashm
245 _aConsulation In Internal Medicine
_cHarigton.m
942 _2udc
_cBK
999 _c50821
_d50821